000 01241nam a2200301 i 4500
001 bg
245 1 0 _aInformatyzacja procesów pomiarowych jako warunek kompleksowego zarządzania jakością w budownictwie :
_b[poradnik] /
_c[Piotr Witakowski et al.].
260 _aWarszawa :
_bInstytut Techniki Budowlanej,
_c2005.
300 _a123 s. :
_bil. ;
_c24 cm.
490 1 _aInstrukcje, Wytyczne, Poradniki / Instytut Techniki Budowlanej ;
_aSystem komplekoswego zarządzania jakością w budownictwie
_v410/2004
490 1 _aSystem komplekoswego zarządzania jakością w budownictwie
504 _aBibliogr.
650 9 _aBudownictwo
_xzarządzanie
650 9 _aZarządzanie jakością
_xbudownictwo
650 9 _aSystemy informatyczne
_xstosowanie
_xbudownictwo
650 9 _aBudownictwo
_xpomiary
655 _aPoradniki
700 1 _aWITAKOWSKI, Piotr.
830 0 _aInstrukcje, Wytyczne, Poradniki - Instytut Techniki Budowlanej ;
_v410/2004
830 _aSystem komplekoswego zarządzania jakością w budownictwie
020 _a8374137169
040 _cBPK
041 0 _apol
080 _a658.1/.5.012.4:69:528.3/.4:004.7](083.1)
920 _a83-7413-716-9
942 _cKS
008 s pl f |000 0 pol
999 _c46394
_d46394
856 _uhttp://koha.tu.koszalin.pl/cgi-bin/koha/opac-detail.pl?biblionumber=46394
_yKatalog online BPK